00433pab a2200133 454500008004000000100002400040245010700064260000900171300001500180362000800195650003300203650001700236773004600253180718b2017 xxu||||| |||| 00| 0 eng d aPati, Ambika Prasad aContribution of microfinance in achieving millennium devlopment goals: evidences from global pool data c2017 ap.182-198. aOct aMillennium development goals aMicrofinance aInternational Journal of Rural management